|
|
|
|
| LEADER |
00000naa2a2200000 4500 |
| 001 |
619497 |
| 005 |
20231101133050.0 |
| 035 |
|
|
|a (RuTPU)RU\TPU\conf\17933
|
| 035 |
|
|
|a RU\TPU\conf\17920
|
| 090 |
|
|
|a 619497
|
| 100 |
|
|
|a 20160823d2016 k y0rusy50 ca
|
| 101 |
0 |
|
|a rus
|
| 102 |
|
|
|a RU
|
| 105 |
|
|
|a y z 100zy
|
| 135 |
|
|
|a drgn ---uucaa
|
| 181 |
|
0 |
|a i
|
| 182 |
|
0 |
|a b
|
| 200 |
1 |
|
|a К вопросу о фациальных условиях формирования осадков кимеридж-оксфордского возрастапоздней юры Александровского мегавала
|f Е. И. Шмидт
|g науч. рук. Г. Ф. Ильина
|
| 203 |
|
|
|a Текст
|c электронный
|
| 225 |
1 |
|
|a Геология нефти и газа. Современные методы поисков и разведки углеводородного сырья
|
| 230 |
|
|
|a 1 компьютерный файл (pdf; 308 Kb)
|
| 300 |
|
|
|a Заглавие с экрана
|
| 320 |
|
|
|a [Библиогр.: с. 438 (7 назв.)]
|
| 461 |
|
1 |
|0 (RuTPU)RU\TPU\conf\17456
|t Проблемы геологии и освоения недр
|o труды XX Международного симпозиума имени академика М. А. Усова студентов и молодых ученых, посвященного 120-летию со дня основания Томского политехнического университета, Томск, 4-8 апреля 2016 г.
|o в 2 т.
|f Национальный исследовательский Томский политехнический университет (ТПУ), Институт природных ресурсов (ИПР) ; Общество инженеров-нефтяников, международная некоммерческая организация, Студенческий чаптер ; под ред. А. Ю. Дмитриева
|d 2016
|
| 463 |
|
1 |
|0 (RuTPU)RU\TPU\conf\17457
|t Т. 1
|v [С. 436-438]
|d 2016
|
| 610 |
1 |
|
|a труды учёных ТПУ
|
| 610 |
1 |
|
|a электронный ресурс
|
| 610 |
1 |
|
|a осадки
|
| 610 |
1 |
|
|a Александровский мегавал
|
| 610 |
1 |
|
|a поздняя юра
|
| 610 |
1 |
|
|a нефтегазоносность
|
| 610 |
1 |
|
|a фильтрационные характеристики
|
| 700 |
|
1 |
|a Шмидт
|b Е. И.
|
| 702 |
|
1 |
|a Ильина
|b Г. Ф.
|c геолог
|c доцент Томского политехнического университета, кандидат геолого-минералогических наук
|f 1958-
|g Галина Фёдоровна
|2 stltpush
|4 727
|
| 712 |
0 |
2 |
|a Национальный исследовательский Томский политехнический университет (ТПУ)
|b Институт природных ресурсов (ИПР)
|b Кафедра геологии и разведки полезных ископаемых (ГРПИ)
|h 2181
|2 stltpush
|3 (RuTPU)RU\TPU\col\18660
|
| 801 |
|
2 |
|a RU
|b 63413507
|c 20160930
|g RCR
|
| 856 |
4 |
|
|u http://earchive.tpu.ru/handle/11683/32316
|
| 942 |
|
|
|c BK
|